000 00698cam a2200217 a 4500
001 000039053
005 20210409114021.0
008 830301s2011 mx 000 0 spa d
020 _a8420633585
040 _aDO-SdBNP
_bspa
_cBNPHU
082 _a862.62
_bG216c
100 _aGarcía Lorca, Federico,
_d1898-1936
_914727
245 1 3 _aLa casa de Bernarda Alba : /
_cFederico García Lorca ; edición de.
260 _aMéxico :
_bEdiciones Leyenda ,
_c2011.
300 _a73 p. : ;
_c21cm.
490 1 3 _aClásicos
504 _aIncluye datos biográficos del autor en la solapa
650 4 _aTeatro español
_93071
650 4 _aLiteratura española
_ySIGLO XX
_93326
830 0 _aClásicos
_99850
999 _c38543
_d38543